000 02624nam a2200241 4500
001 0000000620
005 20250329165508.0
008 170718s2023 000 0 eng d
040 _aCO-CtgCURN
_bspa
_ccoctgcurn
082 0 _aTCS 2023
_bC541
100 1 _aChiquillo Ramirez, Heukaris Anavell.
245 1 3 _aEl apocalipsis monetario :
_bCriptomonedas como alternativa de dinamización en la economía colombiana /
_cHeukaris Anavell Chiquillo Ramirez; Gisselle Paola Garces Miranda; Karen Yulieth Redondo Arellano; asesor: Alberto Gonzalez Manjarres.
260 _aCartagena de Indias :
_bCorporación Universitaria Rafael Nuñez,
_c2023.
504 _aTrabajo de grado (Tecnologa en contabilidad sistematizada). Corporación Universitaria Rafael Nuñez. Facultad de Ciencias de la Salud. contabilidad sistematizada, 2021.
520 _a"El mundo enfrenta una poca revolucionaria, como lo son los avances tecnolgicos, que han logrado alcanzar y tratar rubros de la economa mundial. Las criptomonedas han sido uno de los descubrimientos con ms influencia en los ltimos tiempos, estos se consideran un conjunto de conceptos y tecnologa que forman las bases de un ecosistema de dinero digital.Las criptomonedas son el trmino que se utiliza para describir todos los tipos de moneda digital que se almacenan y transaccionan en plataformas electrnicas. Estas monedas son emitidas e intercambiadas por un software diseado para registrar las transacciones, rastrear la cantidad existente, validar las nuevas emisiones o descifrar la informacin cifrada con fines de verificacin de identidad. Colombia es una de las naciones ms activas en el mercado de criptomonedas, y su economa se ha visto indiscutiblemente afectada por la aparicin de estos activos digitales. Las criptomonedas han logrado un gran xito en este pas durante los ltimos aos, a pesar del rechazo inicial por parte del gobierno colombiano hacia ellas. A continuacin, analizaremos el impacto que han generado las criptomonedas en Colombia y la funcionalidad de estas como una nueva posibilidad de inversin y dinamizacin para la economa colombiana."
650 0 _aContabilidad sistematizada
_xTesis y disertaciones academicas.
700 1 _aGarces Miranda, Gisselle Paola.
700 1 _aRedondo Arellano, Karen Yulieth.
700 1 _aGonzalez Manjarres, Alberto,
_easesor.
856 _uhttps://unicurn.sharepoint.com/:b:/s/biblioteca/ESCA8BTd2ZxJnz2uquXY00EBOANab2BtCAdtcMYtS1OuqQ?e=22uIlQ
_zClick aqui para ver el recurso en texto completo
942 _hTCS 2023
_iC541
_2ddc
_cTG
999 _c5914
_d5914